LEADER 01843nas a2200337 i 4500 001 000000215954 003 CaOOAMICUS 005 20121008000000.0 008 120925b2012 xxuuu u0 0eng r 013 $a194829 020 $a978-1-889680-90-3 040 $aSeMil$bita 245 10$aScience, Reason, and Religion /$cEdited by R. E. Houser ; papers for the regular sessions were selected by the program committee Catherine Deavel, Alex Eodice, Glen Statile. 260 $a[U.S.A.] :$bThe American Catholic Philosophical Association,$ccopyr. 2012. 260 $aHouston :$bUniversity of Saint Thomas,$ccopyr. 2012. 300 $a332 p. :$btabelle ;$c23 cm. 500 $aArticoli con sintesi in inglese [Abstract] in testa. - Contiene : ACPA Reports and Minutes [2010-2011]. 700 1 $aThe American Catholic Philosophical Association .$0(OLS)http://semarc/name/1622 774 0 $t[vedi periodico].$w()277843 850 $aSeMil 852 $aSeMil$W1$xVenegono$y1$m120 1 64$j166374$B166374$CSeMilBibl$Z2$F177463 $85 961 $aCambio: Scuola Cattolica 996 $6020$a978-1-889680-90-3$9(OLS)http://semarc/number/212749 996 $6245$aScience, Reason, and Religion$9(OLS)http://semarc/title/310745 996 $6260$aHouston :$bUniversity of Saint Thomas$9(OLS)http://semarc/publisher/49433 996 $6260$a[U.S.A.] :$bThe American Catholic Philosophical Association$9(OLS)http://semarc/publisher/30384 LEADER 00998nam a2200253 i 4500 001 000000196450 003 CaOOAMICUS 005 20140721000000.0 008 140721s1945 it u000 u ita u 013 $a175132 040 $aSeMil$bita 100 1 $aMalvestiti, Piero <1899-1964>.$0(OLS)http://semarc/name/17240 245 10$aParte guelfa in Europa /$cPiero Malvestiti ; prefazione di Alfredo Galletti. 260 $aMilano :$bCorticelli,$c1945. 300 $a207 p. ;$c19 cm. 500 $aFondo card. Giovanni Colombo. 650 4$aMovimento cattolico - Europa - Sec. 20.$0(OLS)http://semarc/subject/36885 700 1 $aGalletti, Alfredo.$0(OLS)http://semarc/name/6724 850 $aSeMil 852 $aSeMil$W1$xVenegono$y1$m3GC II 108$j147013$B147013$CSeMilBibl$Z2$F158618 $8B 941 1 $a3 961 $aLascito: Colombo Card. Giovanni 996 $6245$aParte guelfa in Europa$9(OLS)http://semarc/title/283639 996 $6260$aMilano :$bCorticelli$9(OLS)http://semarc/publisher/33187